000 00858nam a2200265 a 4500
001 000008003
003 DO-SdBNP
005 20230220132810.0
007 ta
008 090914e2018 cu a gr 001 j spa d
020 _a9789945597783
040 _aDO-SdBNP
_bspa
_cBNPHU
082 4 _bC352d
_222
100 1 _aCastillo, Aurelia
_921873
245 1 0 _aLos dos pájaros gemelos /
_cAurelia Castillo ; introducción, Máximo Castro
260 _aSanto Domingo :
_bAmigo del Hogar,
_c2018.
300 _a11 p. :
_bil. ;
_c18 cm.
586 _aGanador del premio al mejor cuento publicado en la revista "Guantini", 2008, Miami Florida, Estados Unidos
590 _aInventariado, 2022 / DG
650 4 _aCuento dominicano
_921874
650 _921877
_aLiteratura dominicana
700 1 _aCastro, Máximo,
_eil.
_921879
910 _aDG
942 _2ddc
_cLBS1
999 _c51558
_d51558